1332 1713 1273 1073 1133 1309 1648 1609 1203 1431 1764 1420 1737 1234 1304 1457 1030 1783 1476 1907 1069 1753 1032 1947 1472 1458 1269 1068 1286 1563 1057 1227 1189 1392 1866 1274 1515 1653 1389 1783 1977 1096 1118 1251 1469 1995 1834 1614 1231 1688 1305 1031 1990 1367 1284 1238 1391 1506 1501 1913 1572 1496 1129 1429 1116 1456 1079 1241 1173 1446 1759 1718 1020 1658 1982 1492 1478 1960 1098 1967 1506 1636 1912 1654 1486 1541 1786 1394 1484 1328 1623 1019 1809 1708 1367 1122 1098 1459 1636 BCNSPRNW ULIB Ver.6.0+V

เปลี่ยนเป็นภาษาไทย

Change to English
 แสดงรายละเอียดบรรณานุกรม
  กลับหน้าหลัก

Brief Record : Get Marc (ISO 2709) : E-mail record : QR code < ปิดหน้าต่าง
LEADER : 00000nam 2200000uu 4500
001    13399126936
003     ULIB
008    190909s2560||||th 000 0 tha d
020    ^a9786163983336
060 04 ^aWY152^bศ481ก
100 0  ^aศิริรัตน์ ปานอุทัย,บรรณาธิการ
245 02 ^aการพยาบาลผู้สูงอายุ เล่ม 2 /^cศิริรัตน์ ปานอุทัย,บรรณาธิการ
250    ^aพิมพ์ครั้งที่ 2
260    ^aเชียงใหม่ :^bสมาร์ทโคตติ้ง แอนด์ เซอร์วิส,^c2560.
300    ^a196 หน้า:^c26ซม.
650  7 ^aผู้สูงอายุ^xการพยาบาล
710 2  ^aมหาวิทยาลัยเชียงใหม่. ^bคณะพยาบาลศาสตร์
945    ^p250^l0^i005884
945    ^p250^l0^i005883
945    ^p250^l0^i005882
945    ^p250^l0^i005886
945    ^p250^l0^i005881
945    ^p250^l0^i005892
945    ^p250^l0^i005891
945    ^p250^l0^i005890
945    ^p250^l0^i005889
945    ^p250^l0^i005894
945    ^p250^l0^i005893
945    ^p250^l0^i005885
945    ^p250^l0^i005880
945    ^p250^l0^i005888
945    ^p250^l0^i005887
999    ^aประนอม เกษจรัล
รายการนี้ยังไม่มีแท็ก
คุณยังไม่ได้ล็อกอิน คุณสามารถมีกิจกรรมร่วมกับเว็บไซต์ได้ แต่ต้องล็อกอินก่อน ::
  ล็อกอิน

รายการสื่อสารสนเทศ

ลำดับที่ ประเภท เลขเรียก/บาร์โค้ด สถานที่ สถานะ
1. Book การพยาบาล
หนังสือสำรอง
สถานะ=หนังสือสำรอง
WY152 ศ481ก ฉ.1 
  Barcode: 005880
ห้องสมุดวิทยาเขตสวรรค์ประชารักษ์
►หนังสือทั่วไป
บนชั้น
2. Book การพยาบาล
Book การพยาบาล
WY152 ศ481ก ฉ.10 
  Barcode: 005889
ห้องสมุดวิทยาเขตสวรรค์ประชารักษ์
►หนังสือทั่วไป
บนชั้น
3. Book การพยาบาล
Book การพยาบาล
WY152 ศ481ก ฉ.11 
  Barcode: 005890
ห้องสมุดวิทยาเขตสวรรค์ประชารักษ์
►หนังสือทั่วไป
บนชั้น
4. Book การพยาบาล
Book การพยาบาล
WY152 ศ481ก ฉ.12 
  Barcode: 005891
ห้องสมุดวิทยาเขตสวรรค์ประชารักษ์
►หนังสือทั่วไป
บนชั้น
5. Book การพยาบาล
Book การพยาบาล
WY152 ศ481ก ฉ.13 
  Barcode: 005892
ห้องสมุดวิทยาเขตสวรรค์ประชารักษ์
►หนังสือทั่วไป
บนชั้น
6. Book การพยาบาล
Book การพยาบาล
WY152 ศ481ก ฉ.14 
  Barcode: 005893
ห้องสมุดวิทยาเขตสวรรค์ประชารักษ์
►หนังสือทั่วไป
บนชั้น
7. Book การพยาบาล
Book การพยาบาล
WY152 ศ481ก ฉ.15 
  Barcode: 005894
ห้องสมุดวิทยาเขตสวรรค์ประชารักษ์
►หนังสือทั่วไป
บนชั้น
8. Book การพยาบาล
Book การพยาบาล
WY152 ศ481ก ฉ.2 
  Barcode: 005881
ห้องสมุดวิทยาเขตสวรรค์ประชารักษ์
►หนังสือทั่วไป
บนชั้น
9. Book การพยาบาล
Book การพยาบาล
WY152 ศ481ก ฉ.3 
  Barcode: 005882
ห้องสมุดวิทยาเขตสวรรค์ประชารักษ์
►หนังสือทั่วไป
บนชั้น
10. Book การพยาบาล
Book การพยาบาล
WY152 ศ481ก ฉ.4 
  Barcode: 005883
ห้องสมุดวิทยาเขตสวรรค์ประชารักษ์
►หนังสือทั่วไป
บนชั้น
11. Book การพยาบาล
Book การพยาบาล
WY152 ศ481ก ฉ.5 
  Barcode: 005884
ห้องสมุดวิทยาเขตสวรรค์ประชารักษ์
►หนังสือทั่วไป
บนชั้น
12. Book การพยาบาล
Book การพยาบาล
WY152 ศ481ก ฉ.6 
  Barcode: 005885
ห้องสมุดวิทยาเขตสวรรค์ประชารักษ์
►หนังสือทั่วไป
บนชั้น
13. Book การพยาบาล
Book การพยาบาล
WY152 ศ481ก ฉ.7 
  Barcode: 005886
ห้องสมุดวิทยาเขตสวรรค์ประชารักษ์
►หนังสือทั่วไป
บนชั้น
14. Book การพยาบาล
Book การพยาบาล
WY152 ศ481ก ฉ.8 
  Barcode: 005887
ห้องสมุดวิทยาเขตสวรรค์ประชารักษ์
►หนังสือทั่วไป
บนชั้น
15. Book การพยาบาล
Book การพยาบาล
WY152 ศ481ก ฉ.9 
  Barcode: 005888
ห้องสมุดวิทยาเขตสวรรค์ประชารักษ์
►หนังสือทั่วไป
บนชั้น

รายการใกล้เคียง
    ผู้แต่ง [ศิริรัตน์ ปานอุทัย,บรรณาธิการ]

BibComment


ยังไม่เคยถูกคอมเมนท์

คอมเมนท์ทรัพยากรรายการนี้
  คอมเมนท์: การพยาบาลผู้สูงอ..


 Copyright 2026. Bcnsprnw @Library